| 000 | 00490nam a22001937a 4500 | ||
|---|---|---|---|
| 003 | MPLRDC | ||
| 005 | 20220104143413.0 | ||
| 008 | 210129b ||||| |||| 00| 0 eng d | ||
| 020 | _a957-621-223-5 | ||
| 082 | _a855 XBY | ||
| 100 | _a熊秉元 | ||
| 245 |
_a灯塔的故事 _c |
||
| 250 | _a一版三刷 | ||
| 260 |
_a台湾 _b天下远见出版股份有限公司 _c1995 |
||
| 300 | _b261 | ||
| 490 | _a社会人文. 51 | ||
| 650 | _a散文;随笔、日记 | ||
| 942 |
_cBK _o855 XBY |
||
| 999 |
_c39565 _d39555 |
||